Introduction To Tribology Of Bearings (Record no. 200264)

MARC details
000 -LEADER
fixed length control field 00427nam a2200157Ia 4500
008 - FIXED-LENGTH DATA ELEMENTS--GENERAL INFORMATION
fixed length control field 230714s9999 xx 000 0 und d
041 ## - LANGUAGE CODE
Language code of text/sound track or separate title eng
082 ## - DEWEY DECIMAL CLASSIFICATION NUMBER
Classification number 621.8'9
Item number MAJ
100 ## - MAIN ENTRY--PERSONAL NAME
Personal name Majumdar B.C.
245 ## - TITLE STATEMENT
Title Introduction To Tribology Of Bearings
260 ## - PUBLICATION, DISTRIBUTION, ETC. (IMPRINT)
Date of publication, distribution, etc. 2010
Name of publisher, distributor, etc. S. Chand & Company
300 ## - PHYSICAL DESCRIPTION
Extent 288
365 ## - TRADE PRICE
Currency code Rs.
Price amount 150.00
700 ## - ADDED ENTRY--PERSONAL NAME
Personal name Majumdar B.C.
906 ## - LOCAL DATA ELEMENT F, LDF (RLIN)
d O:0075722-Mar-2010B:295316-Mar-2010
c MECH
b 112.5

No items available.